Малогабаритный генератор наносекундных высоковольтных импульсов; Тезисы докладов и сообщений Всесоюзной межвузовской научно-технической конференции по вопросам создания и методам испытания высоковольтной физической аппаратуры, Томск, 1967 г.

Λεπτομέρειες βιβλιογραφικής εγγραφής
Parent link:Тезисы докладов и сообщений Всесоюзной межвузовской научно-технической конференции по вопросам создания и методам испытания высоковольтной физической аппаратуры, Томск, 1967 г..— 1967.— С. 6-7
Κύριος συγγραφέας: Хмыров В. В.
Γλώσσα:Ρωσικά
Έκδοση: 1967
Θέματα:
Μορφή: MixedMaterials Κεφάλαιο βιβλίου
KOHA link:https://koha.lib.tpu.ru/cgi-bin/koha/opac-detail.pl?biblionumber=176312

MARC

LEADER 00000naa2a2200000 4500
001 176312
005 20231031165247.0
035 |a (RuTPU)RU\TPU\book\191144 
035 |a RU\TPU\tpu\4457 
090 |a 176312 
100 |a 20100226d1967 k y0rusy50 ca 
101 0 |a rus 
102 |a RU 
200 1 |a Малогабаритный генератор наносекундных высоковольтных импульсов  |f В. В. Хмыров 
463 0 |0 (RuTPU)RU\TPU\book\121289  |t Тезисы докладов и сообщений Всесоюзной межвузовской научно-технической конференции по вопросам создания и методам испытания высоковольтной физической аппаратуры, Томск, 1967 г.  |f Томский политехнический институт, Научно-исследовательский институт ядерной физики (НИИ ЯФ) ; под ред. Г. А. Месяца  |v С. 6-7  |d 1967  |p 126 с. 
610 1 |a электричество 
610 1 |a труды учёных ТПУ 
610 1 |a диэлектрики 
610 1 |a пробой 
700 1 |a Хмыров  |b В. В. 
801 0 |a RU  |b 63413507  |c 20011210  |g PSBO 
801 2 |a RU  |b 63413507  |c 20111205  |g PSBO 
942 |c BK